| 000 | 00632nam a22002177a 4500 | ||
|---|---|---|---|
| 001 | 00260 | ||
| 003 | DO-SdBNP | ||
| 005 | 20180402104924.0 | ||
| 008 | 151207b 2001 dr xxu||||| |||| 00| 0 spa d | ||
| 040 |
_aBPMSU _bspa _cBPMSU |
||
| 092 |
_aXXXXX _bXXXXX |
||
| 100 | 1 | _aEncarnación C., Juana María | |
| 245 |
_aAccidentes escolares / _cJuana María Encarnación C. |
||
| 260 |
_aSanto Domingo : _bMetropolitana, _c2001. |
||
| 300 |
_a73 p. : _bil. ; _c21 cm. |
||
| 504 | _aBibliografía : p. 72-73 | ||
| 910 | _a00260 | ||
| 942 |
_2ddc _cBK |
||
| 945 | _aRemanejado para la BNPHU / 2018 VM | ||
| 956 |
_aLorenza Pérez _b10 |
||
| 999 |
_c9020 _d9020 |
||